| 000 | 00433nam a2200181Ia 4500 | ||
|---|---|---|---|
| 001 | 18892 | ||
| 005 | 20260306171704.0 | ||
| 008 | 260306s9999||||xx |||||||||||||| ||und|| | ||
| 041 | _aESP | ||
| 082 |
_a658.562 _bB73 |
||
| 100 |
_aBonilla, Elisie _eAUT |
||
| 245 | 0 |
_aMejora continua de los procesos: _bherramientas y técnicas |
|
| 260 | _c2010 | ||
| 300 |
_a _c |
||
| 650 | _aGEN | ||
| 654 | _aCAN | ||
| 942 |
_cLIB _dJUS _fJUS _2ddc _n |
||
| 999 |
_c18892 _d18892 |
||